Moyen - Orient Chapitre 2 : Les principales caractéristiques des Etats - Statistiques

Statistiques générales
  • Ce quiz a été pris 3 fois
  • Le résultat moyen est 9 sur 29
Statistiques - réponses
Évènements Date % Correct
Création des Frères Musulmans par Hassan al-Banna 1928
67%
Réforme turque qui enlève le statut de religion d'État à l'islam 1928
67%
Prise du pouvoir par le parti Baath en Syrie, aidé par les militaires 1963
67%
Barzani contrôle 40000km carré en Irak 1975
67%
Création des Pasdaran (= les gardiens de la révolution) 1979
67%
Guerre entre Israël et le Hezbollah 2006
67%
Chérif Pacha publie les revendications kurdes 1919
33%
Episode du mont Ararat 1930
33%
Recensement libanais à la base du système confessionnel 1932
33%
Barzani entame une guérilla en Irak 1961
33%
L'Islam est inscrite dans la constitution égyptienne 1971
33%
Répression contre la gauche en Iran 1980-1983
33%
Soulèvement d'Hamad, la majorité sunnite conteste le pouvoir possédé par les alaouites. Manifestation violemment réprimée 1982
33%
Bombardement des kurdes à l'arme chimique en Irak 1988
33%
Création d'Al-Qaïda par Ben Laden 1988
33%
Mort de Khomeiny 1989
33%
Mort d'Hafez el-Assad remplacé par son fils, Bachar 2000
33%
Bachar el-Assad demande de l'aide à la France pour réviser le système fiscal syrien 2000
33%
Erdogan évince l'armée en Turquie 2003
33%
Prise d'otages de la Grande Mosquée de La Mecque 20 novembre 1979
33%
L'Iran devient une république islamique Avril 1979
33%
Retour de l'appel à la prière en arabe en Turquie 1950
0%
Guerre civile au Liban 1975-1990
0%
Tutelle syrienne sur le Liban 1990-2005
0%
Vague d'attentats contre les bases américaines en Arabie Saoudite 1995-1996
0%
Création d'Al-Jazeera. Sert la propagande islamiste 1996
0%
Accords de Taef, pour la fin de la guerre civile au Liban 22 octobre 1989
0%
Constitution iranienne Décembre 1979
0%
Attentat contre Nasser qui mène à l'interdiction des frères musulmans en Égypte Octobre 1954
0%
Aucun quiz correspondant
Distribution des résultats
% des personnes avec chaque résultat
Percentile par nombre de réponses
Votre historique - résultats
Vous n’avez pas pris ce quiz